Documentary in the digital age

Đã lưu trong:
Chi tiết về thư mục
Tác giả chính: Baker, Maxine (Tác giả)
Định dạng: Sách
Ngôn ngữ:Tiếng Anh
Được phát hành: Londres Focal Press 2006
Phiên bản:1a. ed
Những chủ đề:
Các nhãn: Thêm thẻ
Không có thẻ, Là người đầu tiên thẻ bản ghi này!

MARC

LEADER 00000cam a2200000 a 4500
001 UCF7519
003 CL-VaPUC
008 130627e20060000UK |||||||||||||||||eng|d
020 |a 9780240516885 
082 0 4 |a 070.18  |b BAK  |2 21 
100 0 |a Baker, Maxine  |e author  |9 569565 
245 1 0 |a Documentary in the digital age 
250 |a 1a. ed 
300 |a 308 p 
942 |c BK 
945 |d 20130627 00:00:00  |a dcastane 
260 |a Londres  |b Focal Press  |c 2006 
650 7 |a DOCUMENTALES  |2 CL-VaPUC  |9 569566 
650 0 |a Crítica e interpretación   |9 255042 
650 0 |a Videos  |9 335420 
583 |a last modification  |c 20130627 13:18:00  |k Rodrigo Vera 
999 |c 352342  |d 352340 
952 |0 0  |1 0  |4 0  |6 070_180000000000000_BAK_2006  |7 0  |8 A  |9 456829  |a BIBART  |b BIBART  |d 2019-11-22  |i 4981790  |o 070.18 BAK 2006  |p 4981790  |r 2025-03-13  |w 2019-11-22  |y BK  |k ART